1171 1470 1297 1715 1405 1214 1388 1743 1905 1513 1200 1591 1864 1143 1005 1509 1194 1012 1080 1183 1518 1768 1570 1820 1386 1611 1284 1145 1789 1601 1733 1971 1089 1418 1711 1656 2000 1135 1934 1043 1286 1907 1856 1718 1340 1439 1429 2000 1394 1689 1018 1334 1768 1587 1423 1021 1285 1280 1980 1786 1317 1392 1635 1265 1809 1133 1298 1846 1936 1769 1063 1067 1718 1489 1346 1017 1499 1411 1802 1163 1631 1438 1764 1996 1717 1057 1554 1127 1474 1970 1891 1483 1396 1524 1570 1809 1984 1129 1531 BCNSPRNW ULIB Ver.6.0+V

เปลี่ยนเป็นภาษาไทย

Change to English
 แสดงรายละเอียดบรรณานุกรม
  กลับหน้าหลัก

Brief Record : Get Marc (ISO 2709) : E-mail record : QR code < ปิดหน้าต่าง
LEADER : 00000nam 2200000uu 4500
001    13399111495
003     ULIB
008    110628s2551||||th 000 0 tha d
020    9789741013548
050  4 BQ4570^bด951ก 2551
100 0  แดน โคมธรรม
245 10 กรรม : กฎตายไม่มีเปลี่ยน/^cแดน โคมธรรม
260    กรุงเทพฯ :^bประกาย,^c 2551
300    192 หน้า ^bภาพประกอบ
650  7 กรรม
945    ^p150^l0^i027540
995    ทศพร
999 ^a ใช้งานได้ทุกระบบ
รายการนี้ยังไม่มีแท็ก
คุณยังไม่ได้ล็อกอิน คุณสามารถมีกิจกรรมร่วมกับเว็บไซต์ได้ แต่ต้องล็อกอินก่อน ::
  ล็อกอิน

รายการสื่อสารสนเทศ

ลำดับที่ ประเภท เลขเรียก/บาร์โค้ด สถานที่ สถานะ
- ไม่พบข้อมูล -

รายการใกล้เคียง
    หัวเรื่อง [กรรม]

BibComment


ยังไม่เคยถูกคอมเมนท์

คอมเมนท์ทรัพยากรรายการนี้
  คอมเมนท์: กรรม กฎตายไม่มีเ..


 Copyright 2026. Bcnsprnw @Library